=LDR 00000nam 2200000 4500 =001 INLIS000000000034694 =005 20130612140606 =008 ***********************************ind** =035 ##$$0010-061300000034694 =041 ##$$a ind =082 ##$$a 813 =090 ##$$a 813, Gai s =100 ##$$a Gaiman, Neil =245 ##$$a Serbuk binatang, Neil Gaiman;Alih bahasa,Femmy syarani ardiyanto, Heman ardiyanto =260 ##$$a 2007 $b Jakarta =300 ##$$a 254 hlm, 20 cm =650 ##$$a Fiksi dewasa Indonesia =700 ##$$a Ardiyanto, Femmy Syahrani =850 ##$$a NBPNMAT